000 00258nam a22001097a 4500
082 _a823
_bROG/I
100 _aROGERS, FRED
245 _aIF WE WERE ALL THE SAME
260 _aNEW YORK
_bRANDOM HOUSE
_c1987
650 _aENGLISH STORY
_zUNITED STATES
942 _cBK
999 _c7530
_d7530